| 000 -LEADER |
| fixed length control field |
00408cam a22001337a 4500 |
| 008 - FIXED-LENGTH DATA ELEMENTS--GENERAL INFORMATION |
| fixed length control field |
180718b1955 xxu||||| |||| 00| 0 eng d |
| 082 ## - DEWEY DECIMAL CLASSIFICATION NUMBER |
| Classification number |
R23x5453 T697Co |
| 100 ## - MAIN ENTRY--PERSONAL NAME |
| Personal name |
Travanacore-Cochin. Coir Advisory Committee |
| 245 ## - TITLE STATEMENT |
| Title |
Report of the Coir Advisory Committee, 1955 |
| 260 ## - PUBLICATION, DISTRIBUTION, ETC. |
| Place of publication, distribution, etc. |
Trivandrum |
| Name of publisher, distributor, etc. |
The author |
| Date of publication, distribution, etc. |
1955 |
| 300 ## - PHYSICAL DESCRIPTION |
| Extent |
37p. |
| 500 ## - GENERAL NOTE |
| General note |
Chairman: N. Kunjuraman |
| 700 ## - ADDED ENTRY--PERSONAL NAME |
| Personal name |
Kunjuraman, N., Chairman |